Femmes du prophète Muhammad - Statistiques

Statistiques générales
  • Ce quiz a été pris 102 fois
  • Le résultat moyen est 4 sur 11
Statistiques - réponses
Filiation Mères des croyants % Correct
Bint Abu Bakr Aicha
95%
Bint Khuwaylid Khadija
88%
Bint Omar Hafsa
33%
Bint Huyay Safiya
28%
Bint Khuzayma Zaynab
26%
Bint Jahch Zaynab
26%
Bint Al Harith Maymouna
21%
Bint Zamaah Sawda
14%
Bint Al Harith Juwayriya
7%
Bint Abu Sofiane Oum Habiba
7%
Bint Abi Umayyah Hind Oum Salama
5%
Aucun quiz correspondant
Distribution des résultats
% des personnes avec chaque résultat
Percentile par nombre de réponses
Votre historique - résultats
Vous n’avez pas pris ce quiz